000 00701nam a2200217Ia 4500
999 _c64921
_d64921
003 0100
005 20170428091627.0
008 130303s9999 xx 000 0 und d
040 _cARRUPELIB
050 _aDT446.N9A48
100 _aNyerere, Julius Kambarage
_98903
245 _aFreedom and socialism : Uhuru na ujamaa
245 _ba selection from writings and speeches 1965-1967
260 _aDar es Salaam
_bOxford University Press
_c1968
300 _a422p.
300 _b 22cm.
600 _aNyerere, Julius
_930038
650 _bTanzania, President
_98904
942 _2lcc
_05
_cMONOGRAPH